Quizzes
Events
Quiz Creation
Community
Videos
Private Events
Remove Ads
Sign In
Join for FREE
Feedback
Dark Mode
Quiz Categories
Sports
Geography
Music
Movies
Television
Just For Fun
Miscellaneous
History
Literature
Language
Science
Gaming
Entertainment
Religion
Holiday
For Kids
Quiz Lab
Recent
Popular Today
Quiz Kudos Today
Editor Picks
Curator Picks
Quizzes by...
Day
Popularity
Type
Ratings
Length
Year
Community
Subscriptions
Recent Discussions
Orange Saloon
Badges
Playlists
Quests
Create
Leaderboards
Showdown
Live 5
Trivia Bingo
Activity
Puzzle Library
Sporcle Events
Private Events
Virtual Trivia
Globe League
Become a Host
Pub Owners
SporcleCon
Opinionation
Our Games
Videos
Blog
Mobile Apps
Partnerships
Remove Ads and Go Orange
Feedback
Language
Vocabulary
Begins and Ends
Definition
Spanish
French
German
Italian
Chinese
Latin
Translation
Japanese
Language
Vocabulary
Begins and Ends
Definition
Spanish
French
German
Italian
Chinese
Latin
Translation
Japanese
Random Quiz
Search Sporcle
×
Quiz Lab
Quiz Lab
Language
Country
Type in answers that appear in a list
Type in answers that appear in a list
Classic
Best Score? Go Orange.
Country Names in Their Own Languages Stats
Can you name the Countries of the World in Their Native Tongues?
By
ElPaisDePasion
20m
172 Questions
73 Plays
73 Plays
73 Plays
Comments
Comments
Give Quiz Kudos
Give Quiz Kudos
-
- Ratings
hide this ad
Replay
Link that replays current quiz
Next Quiz
Link to next quiz in quiz playlist
You Got
0%
They Got
Avg Score
83%
Avg Friend Score
Upgrade to see
Score Distribution
Jump to the score distribution portion of the page
Score
0/172
Timer
20:00
0
Plays Today
Native Name
English Name
% Correct
República Argentina
Argentine Republic
98.6%
جمهوری اسلامی افغانستان (Jomhūrī-
ye Eslāmī-
ye Afgānestān)/
د افغانستان اسلامي جمهوریت (Afghānistān Islāmī Jumhūrīyat)
Islamic Republic of Afghanistan
97.3%
Republika e Shqipërisë
Republic of Albania
97.3%
Հայաստան – Հայաստանի Հանրապետություն (Hayastani Hanrapetut’yun)
Republic of Armenia
97.3%
Republik Österreich
Republic of Austria
97.3%
Principat d'Andorra
Principality of Andorra
95.9%
República de Angola
Republic of Angola
95.9%
Рэспубліка Беларусь (Respublika Bielarus')/
Республика Беларусь (Respublika Belarus')
Republic of Belarus
94.5%
Azərbaycan Respublikası
Republic of Azerbaijan
94.5%
Gaṇaprajātantrī Bāṁlādesh
People's Republic of Bangladesh
93.2%
Bundesrepublik Deutschland
Federal Republic of Germany
93.2%
Koninkrijk België/
Royaume de Belgique/
Königreich Belgien
Kingdom of Belgium
91.8%
République du Bénin
Republic of Benin
91.8%
Ελληνική Δημοκρατία (Ellinikí Dimokratía)
Hellenic Republic
91.8%
République de Guinée
Republic of Guinea
91.8%
ليبيا (Lībyā)
Libya
91.8%
Estado Plurinacional de Bolivia/
Wuliwya Suyu/
Tetã Volívia
Plurinacional State of Bolivia
90.4%
Lefatshe la Botswana/
(English)
Republic of Botswana
90.4%
República Federativa do Brasil
Federative Republic of Brazil
90.4%
République d’Haïti/
Repiblik d’Ayiti
Republic of Haiti
90.4%
جَمْهُورْيَة إِسْلامِی پَاکِسْتَان (Jamhūryat Islāmī Pākistān)/
(English)
Islamic Republic of Pakistan
90.4%
Mamlakat al Baḩrayn
Kingdom of Bahrain
89%
Bosna i Hercegovina/
Босна и Херцеговина (Bosna i Hervegovina)/
Bosna i Hercegovina
Bosnia and Herzegovina
89%
Republika y'Uburundi/
République du Burundi
Republic of Burundi
89%
République du Cameroun/
(English)
Republic of Cameroon
89%
République française
French Republic
89%
República de Guatemala
Republic of Guatemala
89%
Status Civitatis Vaticanæ/
Stato della Città del Vaticano
State of the Vatican City
89%
Magyarország
Hungary
89%
Lýðveldið Ísland
Republic of Iceland
89%
(c o جمهوری اسلامی ایران (Jomhūrī-
ye Eslāmī-
ye Īrān)
Islamic Republic of Iran
89%
جمهورية العراق (Jumhūrīyat al ʿIrāq/
كۆماری عێراق (Komara Îraqę)
Republic of Iraq
89%
República de Panamá
Republic of Panama
89%
Tetã Paraguái/
República del Paraguay
Republic of Paraguay
89%
Negara Brunei Darussalam
State of Brunei
87.7%
(transliteration) Pyidaungzu Myanma Maingngandaw
Burma
87.7%
République du Tchad جمهوريّة تشاد (Jumhūrīyat Tshād)
Republic of Chad
87.7%
República de Chile
Republic of Chile
87.7%
República da Guiné-
Bissau
Republic of Guinea-Bissau
87.7%
República de Honduras
Republic of Honduras
87.7%
Republik Indonesia
Republic of Indonesia
87.7%
(English)/
Independen Stet bilong Papua Niugini/
Papuaniugini
Independent State of Papua New Guinea
87.7%
Република България (Republika Bǎlgarija)
Republic of Bulgaria
86.3%
Burkina Faso
Burkina Faso
86.3%
سلطنة عُمان (Salţanat ʿUmān)
Sultanate of Oman
86.3%
República del Perú/
Piruw Republika/
Piruw Suyu
Republic of Peru
86.3%
Rzeczpospolita Polska
Republic of Poland
86.3%
República Portuguesa/
República Pertuesa
Portuguese Republic
86.3%
دولة قطر (Dawlat Qaţar)
State of Qatar
86.3%
République du Congo
Republic of the Congo
84.9%
República de Cuba
Republic of Cuba
84.9%
Kongeriget Danmark
Kingdom of Denmark
84.9%
Suomen tasavalta/
Republiken Finland
Republic of Finland
84.9%
भारत गणराज्य (Bhāratīya Gaṇarājya)/
(transliteration) Bhārôtīyô Prôjātôntrô/
جمہوریہ بھارت (Jumhūrīyâ-
e Bhārat)
Republic of India
84.9%
Repubblica Italiana
Italian Republic
84.9%
Nihon-
koku or Nippon-
koku
Japan
84.9%
조선민주주의인민공화국 (Chosŏn-
minjujuŭi-
inmin-
konghwaguk)
Democratic People's Republic of Korea
84.9%
대한민국 (Taehan Min’guk)
Republic of Korea
84.9%
Native Name
English Name
% Correct
Republika e Kosovës/
Република Косово (Republika Kosovo)
Republic of Kosovo
84.9%
دولة الكويت (Dawlat al Kuwayt)
State of Kuwait
84.9%
Lietuvos Respublika
Republic of Lithuania
84.9%
Groussherzogdem Lëtzebuerg/
Grand-
Duché du Luxembourg/
Großherzogtum Luxemburg
Grand Duchy of Luxembourg
84.9%
Република Македонија (Republika Makedonija)/
Republika e Maqedonisë
Republic of Macedonia
84.9%
Reponblikan'i Madagasikara/
Republique de Madagascar
Republic of Madagascar
84.9%
(English)/
Malaysia/
马来西亚 (Măláixīyà)/
மலேசியா (Malēciyā)
Malaysia
84.9%
République du Mali
Republic of Mali
84.9%
Repubblika ta'Malta/
(English)
Republic of Malta
84.9%
Монгол улс (Mongol uls)
Mongolia
84.9%
संघिय लोकतन्त्रिक गणतन्त्र नेपाल (Saṁghīya Loktāntrik Gaṇatantra Nepāl)
Federal Democratic Republic of Nepal
84.9%
Kongeriket Norge/
Kongeriket Noreg
Kingdom of Norway
84.9%
Republika ng Pilipinas/
República de Filipinas (and English)
Republic of the Philippines
84.9%
Российская Федерация (Rossiyskaya Federatsiya)
Russian Federation
84.9%
Malo Sa'oloto Tuto'atasi o Sāmoa/
(English)
Independent State of Samoa
84.9%
République du Sénégal
Republic of Senegal
84.9%
Reino de España/
Espainiako Erresuma/
Regne d'Espanya
Kingdom of Spain
84.9%
République centrafricaine/
Ködörösêse tî Bêafrîka
Central African Republic
83.6%
Republika Hrvatska
Republic of Croatia
83.6%
République de Djibouti/
جمهورية جيبوتي (Jumhūrīyat Jībūtī)
Republic of Djibouti
83.6%
República Dominicana/
Quisqueya
Dominican Republic
83.6%
República del Ecuador
Republic of Ecuador
83.6%
República de El Salvador
Republic of El Salvador
83.6%
Eesti Varariik
Republic of Estonia
83.6%
République gabonaise
Gabonese Republic
83.6%
Éire/
(English)
Ireland
83.6%
المملكة الأردنّيّة الهاشميّة (Al Mamlakah al Urdunīyah al Hāshimīyah)
Hashemite Kingdom of Jordan
83.6%
Jamhuri ya Kenya/
(English)
Republic of Kenya
83.6%
(transliteration) Sathalanalat Paxathipatai Paxaxôn Lao
Lao People's Democratic Republic
83.6%
Mmuso wa Lesotho/
(English)
Kingdom of Lesotho
83.6%
Fürstentum Liechtenstein
Principality of Liechtenstein
83.6%
Estados Unidos Mexicanos
United Mexican States
83.6%
Principauté de Monaco/
Principatu de Múnegu/
Principato di Monaco
Principality of Monaco
83.6%
Republika y'u Rwanda/
République du Rwanda
Republic of Rwanda
83.6%
Repubblica di San Marino
Republic of San Marino
83.6%
République des Seychelles/
Repiblik Sesel (English)
Republic of Seychelles
83.6%
Slovenská republika/
Szlovák Köztársaság
Slovak Republic
83.6%
جمهورية السودان (Jumhūrīyat as Sūdān)
Republic of Sudan
83.6%
Türkiye Cumhuriyeti
Republic of Turkey
83.6%
República de Colombia
Republic of Colombia
82.2%
República de Costa Rica
Republic of Costa Rica
82.2%
République de Côte d'Ivoire
Republic of Cote D'Ivoire
82.2%
República Democrática de Timor-
Leste/
Repúblika Demokrátika Timor Lorosa'e
Democratic Republic of Timor-Leste
82.2%
República de Guinea Ecuatorial/
République de Guinée équatoriale/
República da Guiné Equatorial
Republic of Equatorial Guinea
82.2%
Matanitu ko Viti/
(English)
Republic of Fiji
82.2%
Sak'art'velo
Georgia
82.2%
מדינת ישראל (Medinat Yisra'el)/
دولة إسرائيل (Dawlat Isrā'īl)
State of Israel
82.2%
Қазақстан Республикасы (Qazaqstan Respūblīkasy)/
Республика Казахстан (Respublika Kazahstan)
Republic of Kazakhstan
82.2%
Ribaberiki Kiribati/
(English)
Republic of Kiribati
82.2%
Кыргыз Республикасы (Kyrgyz Respublikasy)/
Кыргызская Республика (Kyrgyzskaya Respublika)
Kyrgyz Republic
82.2%
Latvijas Republika
Republic of Latvia
82.2%
الجمهوريّة اللبنانيّة (Al Jumhūrīyah al Lubnānīyah)/
République libanaise
Lebanese Republic
82.2%
Dziko Ia Malaŵi/
(English)
Republic of Malawi
82.2%
الجمهورية الإسلامية الموريتانية (Al Jumhūrīyah al Islāmīyah al Mūrītānīyah)/
République Islamique de la Mauritanie
Islamic Republic of Mauritania
82.2%
Republica Moldova
Republic of Moldova
82.2%
Koninkrijk der Nederlanden/
Reino di Hulanda/
Keninkryk fan de Nederlannen
Kingdom of the Netherlands
82.2%
República de Nicaragua
Republic of Nicaragua
82.2%
République du Niger/
Jamhuriyar Nijar
Republic of Niger
82.2%
Native Name
English Name
% Correct
România/
Románia
Romania
82.2%
المملكة العربيّة السّعوديّة (Al Mamlakah al ‘Arabīyah as Su‘ūdīyah)
Kingdom of Saudi Arabia
82.2%
Република Србија (Republika Srbija)
Republic of Serbia
82.2%
Republika Slovenija/
Repubblica slovena/
a Szlovén Köztársaság
Republic of Slovenia
82.2%
Republiek van Suid-
Afrika/
Rephaboliki ya Afrika-
Borwa (English)
Republic of South Africa
82.2%
Konungariket Sverige
Kingdom of Sweden
82.2%
Schweizerische Eidgenossenschaft/
Confederaziun Svizra/
Confédération suisse/
Swiss Confederation
82.2%
Ўзбекистон Республикаси (O‘zbekiston Respublikasi)
Republic of Uzbeksitan
82.2%
República Bolivariana de Venezuela
Bolivarian Republic of Venezuela
82.2%
Cộng Hòa Xã Hội Chủ Nghĩa Việt Nam
Socialist Republic of Vietnam
82.2%
(English)/
iRiphabliki ye Zimbabwe
Republic of Zimbabwe
82.2%
(transliteration) Preăhréachéanachâkr Kâmpŭchéa
Kingdom of Cambodia
80.8%
República de Cabo Verde
Republic of Cape Verde
80.8%
中華民國 (Zhōnghuá Mínguó)
Republic of China
80.8%
République démocratique du Congo
Democratic Republic of the Congo
80.8%
Црна Гора (Crna Gora)
Montenegro
80.8%
(English) Republik Singapura/
新加坡 – 新加坡共和国 (Xinjiapo Gongheguo)
Republic of Singapore
80.8%
Jamhuuriyadda Soomaaliya/
جمهورية الصومال (Jumhūrīyat aş Şūmāl) (English)
Somali Republic
80.8%
Shrī Laṁkā Prajātāntrika Samājavādī Janarajaya
Democratic Socialist Republic of Sri Lanka
80.8%
Republiek Suriname
Republic of Suriname
80.8%
الجمهورية التونسية (Al Jumhūrīyah at Tūnisīyah)/
République tunisienne
Republic of Tunisia
80.8%
Türkmenistan
Turkmenistan
80.8%
(English)/
eyrnas Unedig Prydain Fawr a Gogledd Iwerddon/
Rìoghachd Aonaichte na Breatainn Mòire agus Èireann a Tuath/
Unitit Kinrick o Great Breetain and Northren Ireland/
United Kingdom of Great Britain and Northern Ireland
80.8%
(English)/
États-
Unis d'Amérique/
Estados Unidos de América/
‘Amelika Huipū‘ia/
United States of America
80.8%
República Oriental del Uruguay
Eastern Republic of Uruaguay
80.8%
الجمهوريّة اليمنية (Al Jumhūrīyah al Yamanīyah)
Republic of Yemen
80.8%
Udzima wa Komori/
Union des Comores/
اتحاد جزر القمر (Jumhūrīyat al Qamar al Muttaḩidah)
Union of the Comoros
79.5%
Κυπριακή Δημοκρατία (Kypriakí Dimokratía)/
Kıbrıs Cumhuriyeti
Republic of Cyprus
79.5%
Ripublik Naoero/
(English)
Republic of Nauru
79.5%
República Democrática de São Tomé e Príncipe
Democratic Republic of São Tomé and Príncipe
79.5%
Jamhuri ya Muungano wa Tanzania/
(English)
United Republic of Tanzania
79.5%
Україна (Ukraina)/
Украина (Ukraina)
Ukraine
79.5%
Ripablik blong Vanuatu/
(English)/
République du Vanuatu
Republic of Vanuatu
79.5%
Aolepān Aorōkin M̧ajeļ/
(English)
Republic of the Marshall Islands
78.1%
Jamhuriyar Taraiyar Nijeriya/
Njíkötá Óchíchìiwù Naíjíríà
Federal Republic of Nigeria
78.1%
Tuvalu/
(English)
Tuvalu
78.1%
(English)/
Jamhuri ya Uganda/
Ensi ya Yuganda
Republic of Uganda
78.1%
اَلإمَارَات اَلْعَرَبِيَّة اَلْمُتَّحِدَة (Al Imārāt al ‘Arabīyah al Muttaḩidah)
United Arab Emirates
78.1%
(English)/
Ichalo Ca Zambia/
Kyalo Kya Zambia
Republic of Zambia
78.1%
République de Maurice/
Repiblik Moris
Republic of Mauritius
76.7%
Aotearoa (and English)
New Zealand
76.7%
Umbiso weSwatini/
(English)
Kingdom of Swaziland
76.7%
الجمهوريّة العربيّة السّوريّةس (Al Jumhūrīyah al ‘Arabīyah as Sūrīyah)
Syrian Arab Republic
76.7%
Ҷумҳурии Тоҷикистон (Jumhurii Tojikiston)
Republic of Tajikistan
76.7%
ราชอาณาจักรไทย (Ratcha Anachak Thai)
Kingdom of Thailand
76.7%
الناس الجمهورية الجزائرية الديمقراطية (Al Jumhūrīyah al Jazā'irīyah ad Dīmuqrāţīyah ash Sha‘bīyah)
People's Democratic Republic of Algeria
75.3%
(transliteration) Ityop'iya Fe̱de̱ralawi Dimokrasiyawi Ripe̱blik
Federal Democratic Republic of Ethiopia
75.3%
(transliteration) Hagere Iertra/
دولة إرتريا (Dawlat Irītrīyā)
State of Eritrea
74%
المملكة المغربية (Al Mamlakah al Maghribīyah)/
(transliteration) Tagldit n Lmaɣrib
Kingdom of Morocco
71.2%
جمهورية مصر العربية (Jumhūrīyat Mişr al ‘Arabīyah)
Arab Republic of Egypt
69.9%
République togolaise
Kingdom of Tonga
67.1%
Druk Gyalkhap
Kingdom of Bhutan
65.8%
(transliteration) Dhivehi Raajjeyge Jumhooriyyaa
Republic of Maldives
58.9%
中华人民共和国 (Zhōnghuá Rénmín Gònghéguó)
People's Republic of China
49.3%
República de Moçambique
Republic of Mozambique
46.6%
Beluu er a Belau/
(English)
Republic of Palau
37%
Quiz Playlist
Details
Report
Send in Message
Add To Playlist
Classic:
Type in answers that appear in a list
Last Updated: Jul 2, 2017
Quiz Scoreboard
CHALLENGE
Sign Up to Join the Scoreboard
Show All
Scores
Hide
Comments
May contain spoilers
Recently Published
9x9 Crossword: Cartoon Network
by jackfrog10
Miscellaneous
3m
College Basketball Coaching Resumes
by pancakes188
Sports
9m
Billboard Blitz: Fleetwood Mac
by CooCooCachoo
Music
15s
More to Explore
Quiz From the Vault
Featured Blog Post
Where Did the Easter Bunny Come From?
hide this ad
You Might Also Like...
Tags
Country Quiz
Language Basics
Today's Top Quizzes in Language
Browse Language
hide this ad
Today's Top Quizzes in Country
Browse Country
Top Contributed Quizzes in Language
1
1-10 Letter F Words III
2
1-10 Letter G Words III
3
Alphabetize! : 'As' words
4
1-10 Letter H Words III
5
Celtic Nations in their Language
6
1-10 Letter I Words III
7
One Thing in Common: Italy
8
Order Up: Top 10 Most Native Spoken Languages
9
1-10 Letter J Words III
10
Weisst du, aus welchen Sprachen diese Wörter stammen?
Explore More
Trending Topics
Disney
NBA
Anime
Harry Potter
Kpop
Crossword
Marvel
NFL
Song
Puzzle
Country
Soccer
Pokémon
WWE
The Office
hide this ad
More By:
ElPaisDePasion
Quiz
Plays
Rating
Category
Featured
Created
Country Names in Their Own Languages
73
2.00
Language
Jan 16, 2012
Go to Creator's Profile
Score Distribution
Quiz Creator Spotlight
ElPaisDePasion
Follow
Send a Message
Quizzes Created
-
Created Quiz Play Count
-
More By This Creator
Popular Quizzes Today
1
Find the US States - No Outlines Minefield
2
Find the Countries of Europe - No Outlines Minefield
3
The Countries of the World
4
Find the US States
5
Risky Map Clicking: Biggest States A-Z
6
US States
7
Popular People in 1961
8
Movies - When Are They Set?
More Language Quizzes
Blitz! Ends in ...BOCK
Editor's Pick
Trending Quizzes
Risky Map Clicking: Least Populous States A-Z
1-10 Letter G Words
1-10 Letter F Words
Risky Map Clicking: Next State Alphabetically
Adjectives in 80s TV Shows
Recently Updated
Leaping Animals
pecheneg
Reality TV Shows (A-Z)
bhenderson79
Rickey Henderson's Hall of Fame Teammates
pecheneg
Champions League XIs: Arsenal
pecheneg
Quick Pick: Celebrities in WWE's Hall of Fame
aduchscher
A-Z Keypad Blitz II
pecheneg
Multiple Oscar Actors
pecheneg
Mystery Phrase Blitz: Oscar 'Best Actors'
pecheneg
F. Scott Fitzgerald Novels
LTH
Pick 3 Villains
ddd62291
Trending Topics
Disney
Anime
NBA
Kpop
Marvel
Crossword
Harry Potter
NFL
WWE
Song
Puzzle
Country
The Office
Pokémon
Soccer
Your Account Isn't Verified!
In order to create a playlist on Sporcle, you need to verify the email address you used during registration. Go to your
Sporcle Settings
to finish the process.
Report this User
Report this user for behavior that violates our
Community Guidelines
.
Details:
Send Report
Go to the Sporcle.com Mobile Site →
Comments